| 000 | 01044njm a22002657a 4500 | ||
|---|---|---|---|
| 005 | 20100920155216.0 | ||
| 006 | a|||||r|||||00| 0 | ||
| 007 | sd ammalaaahaa | ||
| 008 | 100901t xxu||||| |||| 00| 0 eng d | ||
| 028 |
_aECSD. 41535 _bEMI |
||
| 035 | _aGR-03912 | ||
| 040 |
_aSED _cSED |
||
| 100 |
_aBismillah Khan _917891 |
||
| 245 |
_aShehnai / _cby Bismillah Khan and party _h[Sound recording] |
||
| 246 | _aशेहनाई / बिस्मिल्लाह खान द्वारा | ||
| 260 |
_aDum Dum, India _bEMI _c1983 |
||
| 300 |
_a1 Sound disc [Gramophone Recording] : _banalog, 33 1/3 rpm _c12 in. (LP) _fGramophone Record |
||
| 500 | _aBrief record | ||
| 500 | _aRecord Labels : EMI, Red | ||
| 505 | _aSide-1 (Raga-jaunpuri) (Bismillah Khan and party) --Side-2 (Raga-Iman Kalyan-teental) (Bismillah Khan and party) | ||
| 600 |
_aBismillah Khan _919718 |
||
| 650 |
_aInstrumental _xExcerpts _zIndia _917892 |
||
| 942 |
_2ddc _cGR |
||
| 999 |
_c47099 _d47099 |
||